Quiz wiedzy ogólnej o skokach narciarskich #7 - Statystyki

Ogólne statystyki
  • Ten quiz został rozwiązany 25 razy
  • Średni wynik to 10 z 15
Statystyki odpowiedzi
Zagadnienie Odpowiedź % Poprawnych
Miejscowość, w której odbyły się mistrzostwa świata w skokach narciarskich w 2025r. Trondheim
94%
Osiedle Wisły, w której znajduje się skocznia narciarska Malinka
78%
Która reprezentacja wygrała klasyfikację końcową Letniego Grand Prix w 2022r.? Polska
78%
Która reprezentacja wygrała klasyfikację końcową Letniego Grand Prix w 2024r.? Austria
72%
Kto wygrał Raw Air w 2020r.? {Kamil Stoch}(Polska)
72%
Na jakich zawodach można zdobyć te medale? Na Mistrzostwach Świata
72%
Kto wygrał Raw Air w 2019r.? {Ryoyu Kobayashi}(Japonia)
72%
Kto wygrał Raw Air w 2024r.? {Stefan Kraft}(Austria)
72%
Kto wygrał Raw Air w 2023r.? {Halvor Egner Granerud}(Norwegia)
67%
Która reprezentacja wygrała klasyfikację końcową Letniego Grand Prix w 2021r.? Norwegia
67%
Kto wygrał klasyfikację końcową Letniego Grand Prix w 2022r.? Dawid Kubacki
61%
Kto wygrał klasyfikację końcową Letniego Grand Prix w 2024r.? Paweł Wąsek
56%
Kto wygrał klasyfikację końcową Letniego Grand Prix w 2023r.? Vladimir Zografski
44%
Kto uczestniczył w wypadku samochodowym 4 lutego 2001 roku w Füssen? (1 zginął, a 2 przeżyło) Alois Lipburger | Martin Höllwarth | Andreas Widhölzl
33%
Kto pobił pierwszy rekord świata Olafa Rye(9,5m w 1808)? (Po 60 latach) {Sondre Norheim}(19,5m w 1968r.)
17%
Nie znaleziono quizów pasujących do podanych kryteriów
Rozkład punktacji
Procent ludzi z każdym wynikiem
Percentyl według liczby udzielonych odpowiedzi
Twoja historia wyników
Nie rozwiązałeś tego quizu